| 000 | 00352nam a22001577a 4500 | ||
|---|---|---|---|
| 005 | 20160530115905.0 | ||
| 008 | 160530b xxu||||| |||| 00| 0 eng d | ||
| 041 | _aeng | ||
| 082 | _b6040 | ||
| 100 |
_aVarma & Agarwal _91513 |
||
| 245 | _aAdvertising Management | ||
| 260 | _bKrigs Bal | ||
| 300 | _a20.11 | ||
| 650 |
_aManagement _9241 |
||
| 942 | _cBK | ||
| 999 |
_c2138 _d2137 |
||